| 000 | 005720000a22001210004500 | ||
|---|---|---|---|
| 100 | 1 | _aEwald, Werner. | |
| 245 | 1 | 0 | _aA importância da música no culto ou do culto na música? |
| 300 | _ano.27 (dic., 2008), p.14-16 | ||
| 520 | _aLa música es tal vez uno de los elementos más imprescindibles en el culto cristiano. Entender cual es es la función de la música dentro del culto es algo fundamental para que un culto cumpla su papel. Esto es lo que traza de forma esclarecedora, este estículo. | ||
| 650 | 1 | 4 | _aMUSICA - HISTORIA Y CRITICA |
| 773 | 0 | _tTEAR | |
| 942 | _cANA | ||
| 999 |
_c63099 _d63099 |
||